000
00318nam a2200133Ia 4500
005
20251222142029.0
008
251222s9999||||xx |||||||||||||| ||spa||
020
_a
84-86897-61-X
082
_a
261.7/P81
100
_a
Poupard, Paul
245
0
_a
El Horizonte de la Libertad:
264
_b
Ciudad Nueva
942
_c
LIB
999
_c
10897
_d
10897